LEADER 00911nam0-2200325---450- 001 990009544100403321 005 20120316094948.0 010 $a978-88-430-4748-2 035 $a000954410 035 $aFED01000954410 035 $a(Aleph)000954410FED01 035 $a000954410 100 $a20120316d2008----km-y0itay50------ba 101 0 $aita 102 $aIT 105 $ay-------001yy 200 1 $aNel cantiere dello Stato fascista$fLoreto Di Nucci 210 $aRoma$cCarocci$d2008 215 $a158 p.$d22 cm 225 1 $aBiblioteca di testi e studi$v319 610 0 $aFascismo$aItalia$aOrigini 676 $a945.0915$v22$zita 700 1$aDi Nucci,$bLoreto$0251040 801 0$aIT$bUNINA$gREICAT$2UNIMARC 901 $aBK 912 $a990009544100403321 952 $aCollez. 1587 (319)$b44980$fFSPBC 959 $aFSPBC 996 $aNel cantiere dello Stato fascista$9854700 997 $aUNINA LEADER 02232oam 2200613 450 001 9910707468803321 005 20160817090057.0 035 $a(CKB)5470000002464838 035 $a(OCoLC)761171377 035 $a(EXLCZ)995470000002464838 100 $a20111115j198011 ua 0 101 0 $aeng 135 $aurbn||||||||| 181 $ctxt$2rdacontent 182 $cc$2rdamedia 183 $acr$2rdacarrier 200 13$aAn analytical technique for approximating unsteady aerodynamics in the time domain /$fH.J. Dunn 210 1$a[Washington, D.C.] :$cNational Aeronautics and Space Administration, Scientific and Technical Information Branch,$dNovember 1980. 215 $a1 online resource (28 pages) $cillustrations 225 1 $aNASA technical paper ;$v1738 300 $aTitle from title screen (viewed on Aug. 17, 2016). 300 $a"November 1980." 300 $a"Performing Organization: NASA Langley Research Center"--Report documentation page. 320 $aIncludes bibliographical references (page 23). 606 $aAerodynamic forces$2nasat 606 $aAeroelasticity$2nasat 606 $aLeast squares method$2nasat 606 $aPade approximation$2nasat 606 $aWing oscillations$2nasat 606 $aAeroelasticity$xMathematical models$2fast 606 $aPade? approximant$2fast 606 $aUnsteady flow (Aerodynamics)$2fast 615 7$aAerodynamic forces. 615 7$aAeroelasticity. 615 7$aLeast squares method. 615 7$aPade approximation. 615 7$aWing oscillations. 615 7$aAeroelasticity$xMathematical models. 615 7$aPade? approximant. 615 7$aUnsteady flow (Aerodynamics) 700 $aDunn$b H. J.$f1947-$01387200 712 02$aLangley Research Center. 712 02$aUnited States.$bNational Aeronautics and Space Administration.$bScientific and Technical Information Branch, 801 0$bOCLCE 801 1$bOCLCE 801 2$bOCLCQ 801 2$bOCLCF 801 2$bOCLCQ 801 2$bOCLCO 801 2$bGPO 906 $aBOOK 912 $a9910707468803321 996 $aAn analytical technique for approximating unsteady aerodynamics in the time domain$93436770 997 $aUNINA